Neurological Physiotherapy: a problem-solving approach (Record no. 3896)

MARC details
000 -LEADER
fixed length control field 00595nam a22002177a 4500
003 - CONTROL NUMBER IDENTIFIER
control field OSt
005 - DATE AND TIME OF LATEST TRANSACTION
control field 20160506214913.0
008 - FIXED-LENGTH DATA ELEMENTS--GENERAL INFORMATION
fixed length control field 160506b xxu||||| |||| 00| 0 eng d
020 ## - INTERNATIONAL STANDARD BOOK NUMBER
International Standard Book Number 9780443064401
040 ## - CATALOGING SOURCE
Transcribing agency DNLM
082 ## - DEWEY DECIMAL CLASSIFICATION NUMBER
Classification number WL100 N398s 2002
100 ## - MAIN ENTRY--PERSONAL NAME
Personal name Edited by Edwards, Susan
9 (RLIN) 8551
245 ## - TITLE STATEMENT
Title Neurological Physiotherapy: a problem-solving approach
250 ## - EDITION STATEMENT
Edition statement 2nd ed.
260 ## - PUBLICATION, DISTRIBUTION, ETC. (IMPRINT)
Place of publication, distribution, etc. Edinburgh; Churchill, 2002
300 ## - PHYSICAL DESCRIPTION
Extent xi,293p; ill: 26cm
504 ## - BIBLIOGRAPHY, ETC. NOTE
Bibliography, etc References, & index included
650 ## - SUBJECT ADDED ENTRY--TOPICAL TERM
Topical term or geographic name as entry element Neurology
9 (RLIN) 2815
650 ## - SUBJECT ADDED ENTRY--TOPICAL TERM
Topical term or geographic name as entry element Physiotherapy
9 (RLIN) 1959
942 ## - ADDED ENTRY ELEMENTS (KOHA)
Source of classification or shelving scheme Other/Generic Classification Scheme
Koha item type Open Shelf
Holdings
Withdrawn status Lost status Source of classification or shelving scheme Damaged status Not for loan Home library Current library Date acquired Source of acquisition Inventory number Total Checkouts Full call number Barcode Date last seen Date last checked out Koha item type Total Renewals Price effective from
    Other/Generic Classification Scheme     MUST Main Library MUST Main Library 06/05/2016   14/38047 1 WL100 N398s 2002 2016-1620 30/07/2022 06/07/2022 Open Shelf    
    Other/Generic Classification Scheme     MUST Main Library MUST Main Library 22/09/2016   14/38048 4 WL100 N398s 2002 2016-4473 08/08/2022 26/07/2022 Open Shelf 1 22/09/2016